[Event "Titled Tuesday intern op 13th Feb Late"]
[Site "Chess.com INT"]
[Date "2024.02.13"]
[Round "5"]
[White "Stachanczyk, Jacek"]
[Black "Rose, Felix"]
[Result "1-0"]
[WhiteElo "2077"]
[BlackElo "2091"]
[PlyCount "91"]
[EventDate "2024.02.13"]
[EventType "swiss (blitz)"]
[EventRounds "11"]
[EventCountry "USA"]
[SourceTitle "CB08_2024"]
[SourceDate "2024.02.21"]
[SourceVersion "1"]
[SourceVersionDate "2024.02.21"]
[SourceQuality "1"]

1. e4 e5 2. Nf3 Nc6 3. Bb5 a6 4. Ba4 Nf6 5. 0-0 b5 6. Bb3 Bc5 7. c3 d6 8. d4 Bb6 9. a4 Rb8 10. axb5 axb5 11. h3 0-0 12. Be3 Bb7 13. Nbd2 exd4 14. cxd4 h6 15. Re1 Re8 16. d5 Na5 17. Bxb6 cxb6 18. Bc2 Nc4 19. b3 Nxd2 20. Qxd2 Ra8 21. Rxa8 Qxa8 22. Bd3 Qa6 23. Qb4 Rd8 24. Bxb5 Qa2 25. Bc6 Qa6 26. Bxb7 Qxb7 27. Nd4 Qa7 28. Nc6 Qa8 29. Nxd8 Qxd8 30. e5 dxe5 31. Rxe5 Kh7 32. d6 g6 33. Qd4 Ne8 34. Rxe8 Qxe8 35. d7 Qd8 36. b4 h5 37. h4 Kg8 38. Qd6 Kh7 39. g3 Kg7 40. b5 Kh7 41. Kf1 Kg7 42. Ke2 Kh7 43. Kd3 Kg7 44. Kd4 Kh7 45. Kd5 Kg7 46. Qc6 1-0

[Event "Titled Tuesday intern op 13th Feb Late"]
[Site "Chess.com INT"]
[Date "2024.02.13"]
[Round "6"]
[White "Willy, Stephen"]
[Black "Stachanczyk, Jacek"]
[Result "1-0"]
[WhiteElo "1990"]
[BlackElo "2077"]
[PlyCount "81"]
[EventDate "2024.02.13"]
[EventType "swiss (blitz)"]
[EventRounds "11"]
[EventCountry "USA"]
[SourceTitle "CB08_2024"]
[SourceDate "2024.02.21"]
[SourceVersion "1"]
[SourceVersionDate "2024.02.21"]
[SourceQuality "1"]

1. b3 g6 2. Bb2 Nf6 3. e4 c5 4. e5 Nd5 5. Nf3 Bg7 6. h4 Nc6 7. h5 d6 8. Bb5 Nf4 9. h6 Bf8 10. exd6 Rg8 11. dxe7 Qxe7+ 12. Kf1 Bd7 13. Nc3 0-0-0 14. g3 Ne6 15. Ne4 Ned4 16. Bd3 Bg4 17. Nxd4 Bxd1 18. Nxc6 bxc6 19. Bf6 Be2+ 20. Kxe2 Qe6 21. Bxd8 f5 22. Bg5 fxe4 23. Bc4 Qg4+ 24. Kf1 Qxg5 25. Bxg8 Qxd2 26. Bxh7 Bxh6 27. Re1 e3 28. Rh2 Qxc2 29. Kg1 e2 30. f4 Bg7 31. Rhxe2 Bd4+ 32. Kg2 Qf5 33. Bg8 g5 34. Be6+ Qxe6 35. Rxe6 Kc7 36. fxg5 Kb6 37. g6 Kb5 38. Re7 Kb4 39. g7 Bxg7 40. Rxg7 c4 41. Re4 1-0

[Event "Titled Tuesday intern op 24th Oct Late"]
[Site "Chess.com INT"]
[Date "2023.10.24"]
[Round "4"]
[White "Thake, Conrad"]
[Black "Stachanczyk, Jacek"]
[Result "0-1"]
[WhiteElo "1778"]
[BlackElo "2066"]
[PlyCount "176"]
[EventDate "2023.10.24"]
[EventType "swiss (blitz)"]
[EventRounds "11"]
[EventCountry "USA"]
[SourceTitle "Mega2024 Update 01"]
[Source "Chessbase"]
[SourceDate "2023.11.12"]
[SourceVersion "1"]
[SourceVersionDate "2023.11.12"]
[SourceQuality "1"]

1. c4 e5 2. Nc3 Nc6 3. g3 g6 4. Bg2 Bg7 5. d3 Nge7 6. e4 Nd4 7. Nge2 Nec6 8. 0-0 d6 9. Be3 0-0 10. Qd2 Nxe2+ 11. Nxe2 Be6 12. b3 Qd7 13. Rad1 f5 14. f4 fxe4 15. dxe4 Bg4 16. c5 Nd4 17. Bxd4 exd4 18. cxd6 Qxd6 19. Qd3 c5 20. h3 Bxe2 21. Qxe2 Rad8 22. e5 Qc7 23. Qc4+ Kh8 24. e6 Rfe8 25. Rfe1 Qd6 26. Bxb7 g5 27. Re4 gxf4 28. gxf4 Re7 29. Ba6 Rde8 30. Bb5 Rxe6 31. Rxe6 Rxe6 32. Rf1 Rg6+ 33. Kh2 Bh6 34. Qf7 Rg8 35. Bd3 Rg7 36. Qe8+ Rg8 37. Qf7 Bg7 38. Qh5 Qh6 39. Qxc5 Bf6 40. Qxa7 Qh4 41. Qxh7+ Qxh7 42. Bxh7 Kxh7 43. Rf3 Rc8 44. Kg3 Kg6 45. a4 Kf5 46. a5 Rg8+ 47. Kf2 Bh4+ 48. Ke2 Rc8 49. Rd3 Ke4 50. Rd1 Rc2+ 51. Kf1 d3 52. a6 Ra2 53. Rb1 Rxa6 54. b4 Rf6 55. b5 Rxf4+ 56. Kg2 Rf2+ 57. Kg1 Rf7 58. b6 Bg3 59. Kg2 Bb8 60. h4 Ke3 61. h5 d2 62. h6 Rh7 63. b7 Rxh6 64. Kf1 Rf6+ 65. Kg2 Ke2 66. Rb2 Ke1 67. Rb1+ d1Q 68. Rxd1+ Kxd1 69. Kh3 Rf7 70. Kg4 Rxb7 71. Kh5 Ba7 72. Kg6 Re7 73. Kf5 Bc5 74. Kf6 Kd2 75. Kg6 Kd3 76. Kf5 Kd4 77. Kg4 Rf7 78. Kg3 Ke5 79. Kg2 Ke4 80. Kg3 Rg7+ 81. Kh4 Kf4 82. Kh5 Bb4 83. Kh6 Rg2 84. Kh7 Kf5 85. Kh6 Rg1 86. Kh7 Kf6 87. Kh8 Kf7 88. Kh7 Rh1# 0-1

[Event "Titled Tuesday intern op 26th Sep Late"]
[Site "Chess.com INT"]
[Date "2023.09.26"]
[Round "1"]
[White "Stachanczyk, Jacek"]
[Black "Wadsworth, Matthew J"]
[Result "0-1"]
[WhiteElo "2126"]
[BlackElo "2432"]
[PlyCount "108"]
[EventDate "2023.09.26"]
[EventType "swiss (blitz)"]
[EventRounds "11"]
[EventCountry "USA"]
[SourceTitle "EXT 2024"]
[Source "ChessBase"]
[SourceDate "2023.10.10"]
[SourceVersion "1"]
[SourceVersionDate "2023.10.10"]
[SourceQuality "1"]

1. e4 c5 2. Nf3 e6 3. d4 cxd4 4. Nxd4 Nc6 5. Nc3 Qc7 6. Be3 a6 7. Qf3 Ne5 8. Qg3 h5 9. h3 h4 10. Qh2 Bd6 11. f4 Nc4 12. Bxc4 Qxc4 13. 0-0-0 Bb4 14. Nde2 Nf6 15. Rd4 Qc5 16. Rd3 Qc7 17. e5 Nh5 18. Ne4 b5 19. Rhd1 Bb7 20. Nd6+ Bxd6 21. Rxd6 Rc8 22. R1d2 b4 23. Bb6 Qc4 24. Rxd7 Qxa2 25. Kd1 Bd5 26. R7xd5 exd5 27. f5 Qb1+ 28. Nc1 Ng3 29. e6 fxe6 30. fxe6 b3 31. c3 Rxc3 32. bxc3 b2 33. Rxb2 Qxb2 34. Qg1 0-0 35. Bf2 Qxc1+ 36. Kxc1 Ne2+ 37. Kd2 Nxg1 38. Bxg1 Re8 39. Bf2 Rxe6 40. Bxh4 a5 41. Bf2 a4 42. Kc1 Re2 43. Bd4 a3 44. Kb1 Rxg2 45. Bc5 a2+ 46. Ka1 Kf7 47. Bd4 g6 48. h4 Ke6 49. Be3 Kf5 50. Bg5 Ke4 51. Bf6 Kd3 52. Bg7 Kc4 53. Bf6 Kb3 54. Bd4 Rd2 0-1

[Event "Titled Tuesday intern op 12th Sep Late"]
[Site "Chess.com INT"]
[Date "2023.09.12"]
[Round "6"]
[White "Stachanczyk, Jacek"]
[Black "De Souza, Arthur Olintho"]
[Result "0-1"]
[WhiteElo "2126"]
[BlackElo "2113"]
[PlyCount "34"]
[EventDate "2023.09.12"]
[EventType "swiss (blitz)"]
[EventRounds "11"]
[EventCountry "USA"]
[SourceTitle "EXT 2024"]
[Source "ChessBase"]
[SourceDate "2023.10.10"]
[SourceVersion "1"]
[SourceVersionDate "2023.10.10"]
[SourceQuality "1"]

1. e4 c5 2. Nf3 Nc6 3. d4 cxd4 4. Nxd4 e5 5. Nxc6 bxc6 6. Bc4 Nf6 7. 0-0 Bc5 8. Nc3 0-0 9. Qe2 h6 10. Be3 Bxe3 11. Qxe3 d5 12. exd5 cxd5 13. Rad1 Ng4 14. Qg3 d4 15. h3 Qc7 16. Bd5 Rb8 17. Ne4 Rd8 0-1

[Event "Titled Tuesday intern op 12th Sep Late"]
[Site "Chess.com INT"]
[Date "2023.09.12"]
[Round "4"]
[White "Stachanczyk, Jacek"]
[Black "Zirkelbach, Maj"]
[Result "0-1"]
[WhiteElo "2126"]
[BlackElo "2277"]
[PlyCount "44"]
[EventDate "2023.09.12"]
[EventType "swiss (blitz)"]
[EventRounds "11"]
[EventCountry "USA"]
[SourceTitle "EXT 2024"]
[Source "ChessBase"]
[SourceDate "2023.10.10"]
[SourceVersion "1"]
[SourceVersionDate "2023.10.10"]
[SourceQuality "1"]

1. e4 e5 2. Nf3 Nc6 3. Bb5 Nf6 4. 0-0 Nxe4 5. d4 Nd6 6. dxe5 Nxb5 7. a4 d5 8. axb5 Ne7 9. Bg5 Be6 10. Nbd2 h6 11. Bh4 Qd7 12. Qe2 Nf5 13. Nb3 Nxh4 14. Nxh4 Be7 15. Nf3 Bg4 16. h3 Bh5 17. g4 Bg6 18. Nfd4 h5 19. e6 Qd6 20. exf7+ Kxf7 21. f4 hxg4 22. f5 Qg3+ 0-1

[Event "Titled Tuesday intern op 29th Aug Early"]
[Site "Chess.com INT"]
[Date "2023.08.29"]
[Round "6"]
[White "Hartikainen, Jarmo"]
[Black "Stachanczyk, Jacek"]
[Result "0-1"]
[WhiteElo "2108"]
[BlackElo "2124"]
[PlyCount "72"]
[EventDate "2023.08.29"]
[EventType "swiss (blitz)"]
[EventRounds "11"]
[EventCountry "USA"]
[SourceTitle "EXT 2024"]
[Source "ChessBase"]
[SourceDate "2023.10.10"]
[SourceVersion "1"]
[SourceVersionDate "2023.10.10"]
[SourceQuality "1"]

1. e4 c5 2. c3 Nf6 3. e5 Nd5 4. d4 cxd4 5. Nf3 Nc6 6. cxd4 d6 7. Nc3 Nxc3 8. bxc3 Bg4 9. exd6 Qxd6 10. Be2 e6 11. 0-0 Be7 12. a4 0-0 13. Ba3 Qd8 14. Bxe7 Nxe7 15. Qb3 Qc7 16. a5 Nd5 17. Rfc1 Nf4 18. Bd1 Rfd8 19. Rcb1 Rab8 20. Ne5 Bxd1 21. Rxd1 Ne2+ 22. Kf1 Qxc3 23. Qxc3 Nxc3 24. Rd3 Nd5 25. Rb1 b5 26. Nc6 b4 27. Nxd8 Rxd8 28. g3 Rc8 29. Ke2 Rc2+ 30. Rd2 Nc3+ 31. Kd3 Rxd2+ 32. Kxd2 Nxb1+ 33. Kc2 Nc3 34. Kb3 Nd5 35. Kc4 Kf8 36. a6 Ke8 0-1

[Event "Titled Tuesday intern op 29th Aug Early"]
[Site "Chess.com INT"]
[Date "2023.08.29"]
[Round "7"]
[White "Stachanczyk, Jacek"]
[Black "Pesotskiy, Mikhail"]
[Result "0-1"]
[WhiteElo "2124"]
[BlackElo "2140"]
[PlyCount "84"]
[EventDate "2023.08.29"]
[EventType "swiss (blitz)"]
[EventRounds "11"]
[EventCountry "USA"]
[SourceTitle "EXT 2024"]
[Source "ChessBase"]
[SourceDate "2023.10.10"]
[SourceVersion "1"]
[SourceVersionDate "2023.10.10"]
[SourceQuality "1"]

1. d4 Nf6 2. c4 e6 3. g3 Bb4+ 4. Bd2 a5 5. Bg2 0-0 6. Nc3 d5 7. cxd5 exd5 8. Nf3 c6 9. 0-0 Bf5 10. Bf4 Re8 11. Ne5 Nbd7 12. a3 Bf8 13. Re1 Nh5 14. e4 Nxf4 15. exf5 Nxg2 16. Kxg2 f6 17. Nxd7 Qxd7 18. Qg4 b5 19. Re6 Rxe6 20. fxe6 Qc7 21. Re1 Re8 22. f4 g6 23. h4 Qg7 24. h5 f5 25. Qd1 Qf6 26. hxg6 hxg6 27. Qe2 Qxd4 28. Nd1 Qe4+ 29. Kh3 Qxe2 30. Rxe2 Kg7 31. Nf2 Kf6 32. g4 Rxe6 33. g5+ Kf7 34. Rxe6 Kxe6 35. Kg3 c5 36. Kf3 c4 37. Nd1 d4 38. Nf2 b4 39. axb4 axb4 40. Nd1 Kd5 41. Nf2 b3 42. Nd1 Bb4 0-1

[Event "Wch Disabilities 5th"]
[Site "Lublin"]
[Date "2023.08.23"]
[Round "5"]
[White "Aigner, Michael"]
[Black "Stachanczyk, Jacek"]
[Result "1/2-1/2"]
[WhiteElo "1961"]
[BlackElo "2124"]
[PlyCount "70"]
[EventDate "2023.08.19"]
[EventType "swiss"]
[EventRounds "9"]
[EventCountry "POL"]
[SourceTitle "CBM 215 Extra"]
[Source "ChessBase"]
[SourceDate "2023.09.30"]
[SourceVersion "1"]
[SourceVersionDate "2023.09.30"]
[SourceQuality "1"]

1. e4 c5 2. Nc3 Nc6 3. g3 g6 4. Bg2 Bg7 5. d3 d6 6. f4 e6 7. Nf3 Nge7 8. 0-0 0-0 9. Be3 b6 10. Bf2 Ba6 11. Qd2 Qd7 12. Rfe1 Rad8 13. d4 cxd4 14. Nxd4 Nxd4 15. Bxd4 e5 16. Be3 exf4 17. Bxf4 Qc8 18. Bh6 Bxh6 19. Qxh6 Qc5+ 20. Kh1 Bc4 21. Rad1 b5 22. a3 Qe5 23. Qd2 Rfe8 24. b3 Be6 25. Bf1 a6 26. Re3 Bg4 27. Rde1 Be6 28. Bg2 Qc5 29. b4 Qc4 30. Bf1 Qc7 31. Nd5 Nxd5 32. exd5 Bd7 33. Rxe8+ Rxe8 34. Rxe8+ Bxe8 35. Qe3 Kf8 1/2-1/2

[Event "Wch Disabilities 5th"]
[Site "Lublin"]
[Date "2023.08.21"]
[Round "3"]
[White "Nowak, Lukasz1111"]
[Black "Stachanczyk, Jacek"]
[Result "1-0"]
[WhiteElo "2408"]
[BlackElo "2124"]
[PlyCount "37"]
[EventDate "2023.08.19"]
[EventType "swiss"]
[EventRounds "9"]
[EventCountry "POL"]
[SourceTitle "CBM 215 Extra"]
[Source "ChessBase"]
[SourceDate "2023.09.30"]
[SourceVersion "1"]
[SourceVersionDate "2023.09.30"]
[SourceQuality "1"]

1. e4 e5 2. Nf3 Nf6 3. d4 Nxe4 4. Bd3 d5 5. Nxe5 Nd7 6. Nc3 Nxe5 7. dxe5 Nc5 8. Nxd5 Nxd3+ 9. Qxd3 c6 10. Nc3 Qxd3 11. cxd3 Bf5 12. Ne4 0-0-0 13. Ke2 Rd5 14. Bf4 Be7 15. Rad1 Rhd8 16. f3 Rb5 17. b3 Bc5 18. a4 Rb4 19. Bd2 1-0

[Event "Titled Tuesday intern op 15th Aug Late"]
[Site "Chess.com INT"]
[Date "2023.08.15"]
[Round "10"]
[White "Nathan, Nitish"]
[Black "Stachanczyk, Jacek"]
[Result "1-0"]
[WhiteElo "2220"]
[BlackElo "2124"]
[PlyCount "69"]
[EventDate "2023.08.15"]
[EventType "swiss (blitz)"]
[EventRounds "11"]
[EventCountry "USA"]
[SourceTitle "EXT 2024"]
[Source "ChessBase"]
[SourceDate "2023.10.10"]
[SourceVersion "1"]
[SourceVersionDate "2023.10.10"]
[SourceQuality "1"]

1. d4 d5 2. Bf4 Nf6 3. e3 c5 4. Nf3 Nc6 5. Nbd2 cxd4 6. exd4 Bf5 7. c3 e6 8. Qb3 Qc8 9. Be2 Be7 10. 0-0 0-0 11. a4 h6 12. h3 Na5 13. Qa2 a6 14. Ne5 Ne4 15. Nxe4 Bxe4 16. b4 Nc6 17. Nd3 Bxd3 18. Bxd3 Qd7 19. Qd2 Bd6 20. Be3 f5 21. Qe2 Rac8 22. Rfe1 Nd8 23. Bd2 Kh7 24. b5 a5 25. c4 dxc4 26. Bxc4 Re8 27. Bxa5 e5 28. dxe5 Bxe5 29. Rad1 Qe7 30. Bd3 g6 31. Qd2 Nf7 32. Bb1 Qf6 33. Ba2 Ng5 34. Qd7+ Re7 35. Qxc8 1-0

[Event "Titled Tuesday intern op 15th Aug Late"]
[Site "Chess.com INT"]
[Date "2023.08.15"]
[Round "4"]
[White "Osmak, Iulija"]
[Black "Stachanczyk, Jacek"]
[Result "1-0"]
[WhiteElo "2444"]
[BlackElo "2124"]
[PlyCount "91"]
[EventDate "2023.08.15"]
[EventType "swiss (blitz)"]
[EventRounds "11"]
[EventCountry "USA"]
[SourceTitle "EXT 2024"]
[Source "ChessBase"]
[SourceDate "2023.10.10"]
[SourceVersion "1"]
[SourceVersionDate "2023.10.10"]
[SourceQuality "1"]

1. d4 d5 2. c4 c6 3. cxd5 cxd5 4. Bg5 Nc6 5. Nc3 a6 6. e4 dxe4 7. d5 Ne5 8. Qa4+ Bd7 9. Qxe4 Ng4 10. Bd3 Qb6 11. Qe2 h6 12. Bf4 g5 13. Bg3 Bg7 14. Nf3 N4f6 15. 0-0 Bg4 16. Rfe1 h5 17. h3 h4 18. Be5 Bh5 19. Ne4 g4 20. hxg4 Bxg4 21. Bxf6 Bxf6 22. d6 e6 23. Nxf6+ Nxf6 24. Qe5 Qd8 25. d7+ Kf8 26. Ng5 h3 27. gxh3 Bxh3 28. Ne4 Rg8+ 29. Kh2 Nxd7 30. Qd6+ Qe7 31. Kxh3 Qxd6 32. Nxd6 Ke7 33. Nc4 Rg7 34. Re4 Rh8+ 35. Rh4 Rxh4+ 36. Kxh4 Nc5 37. Bf1 f5 38. f3 Kf6 39. Kh3 f4 40. Kh2 Rg3 41. Nd2 e5 42. Rc1 b6 43. Rxc5 bxc5 44. Ne4+ Kf5 45. Nxg3+ fxg3+ 46. Kxg3 1-0

[Event "Titled Tuesday intern op 08th Aug Late"]
[Site "Chess.com INT"]
[Date "2023.08.08"]
[Round "1"]
[White "Richter, Nils"]
[Black "Stachanczyk, Jacek"]
[Result "1-0"]
[WhiteElo "2409"]
[BlackElo "2124"]
[PlyCount "101"]
[EventDate "2023.08.08"]
[EventType "swiss (blitz)"]
[EventRounds "11"]
[EventCountry "USA"]
[SourceTitle "EXT 2024"]
[Source "ChessBase"]
[SourceDate "2023.10.10"]
[SourceVersion "1"]
[SourceVersionDate "2023.10.10"]
[SourceQuality "1"]

1. d4 d5 2. c4 c6 3. Nf3 Nf6 4. Nc3 dxc4 5. e4 b5 6. Be2 b4 7. Na4 Nxe4 8. Bxc4 Nd7 9. 0-0 e6 10. Re1 Nef6 11. Ng5 Nd5 12. Qf3 N7f6 13. Nc5 Be7 14. a3 bxa3 15. Rxa3 0-0 16. Bd2 a5 17. Rea1 h6 18. Nge4 Nxe4 19. Qxe4 Bxc5 20. dxc5 Qf6 21. Qc2 Rb8 22. b3 Qd4 23. Rxa5 e5 24. h3 Qh4 25. Re1 Qf6 26. Qe4 Re8 27. Ra7 Be6 28. Qxe5 Qg6 29. Bxd5 Bxd5 30. Qxe8+ Rxe8 31. Rxe8+ Kh7 32. g3 Qb1+ 33. Be1 Qxb3 34. Re3 Qc2 35. Ra1 Qf5 36. Kh2 Be6 37. g4 Qf4+ 38. Kg1 h5 39. gxh5 Qg5+ 40. Rg3 Qxh5 41. Bc3 f6 42. Ra7 Bf7 43. Kh2 Qd5 44. Ba5 Bg6 45. Bc3 Qxc5 46. Ra2 Qd5 47. Rd2 Qe4 48. Rd4 Qe5 49. Rh4+ Qh5 50. Rxh5+ Bxh5 51. Re3 1-0

[Event "Titled Tuesday intern op 08th Aug Early"]
[Site "Chess.com INT"]
[Date "2023.08.08"]
[Round "7"]
[White "Stachanczyk, Jacek"]
[Black "Aepfler, Christian"]
[Result "0-1"]
[WhiteElo "2124"]
[BlackElo "2146"]
[PlyCount "80"]
[EventDate "2023.08.08"]
[EventType "swiss (blitz)"]
[EventRounds "11"]
[EventCountry "USA"]
[SourceTitle "EXT 2024"]
[Source "ChessBase"]
[SourceDate "2023.10.10"]
[SourceVersion "1"]
[SourceVersionDate "2023.10.10"]
[SourceQuality "1"]

1. c4 e6 2. g3 d5 3. Bg2 Nf6 4. Nf3 Be7 5. 0-0 0-0 6. b3 d4 7. Bb2 c5 8. e3 Nc6 9. exd4 Nxd4 10. Nxd4 cxd4 11. Re1 a5 12. d3 Bb4 13. Re2 Ra6 14. a3 Bc5 15. Nd2 Rd6 16. Ne4 Nxe4 17. Bxe4 f5 18. Bg2 Qf6 19. Qd2 f4 20. b4 f3 21. bxc5 Rc6 22. Re4 fxg2 23. Bxd4 Qf3 24. Rae1 Rc7 25. Qg5 e5 26. Qxe5 Rcf7 27. Be3 Rf5 28. Qe7 R5f7 29. Qd6 Bh3 30. Qd5 Kh8 31. Rf4 Rxf4 32. Bxf4 Qg4 33. f3 Qc8 34. Re7 Rd8 35. Qe5 Rg8 36. Be3 Qc6 37. Bd4 Qg6 38. g4 h5 39. Qxh5+ Qxh5 40. gxh5 Kh7 0-1

[Event "Titled Tuesday intern op 08th Aug Early"]
[Site "Chess.com INT"]
[Date "2023.08.08"]
[Round "11"]
[White "Stachanczyk, Jacek"]
[Black "Burmakin, Evgeniy"]
[Result "1-0"]
[WhiteElo "2124"]
[BlackElo "2179"]
[PlyCount "65"]
[EventDate "2023.08.08"]
[EventType "swiss (blitz)"]
[EventRounds "11"]
[EventCountry "USA"]
[SourceTitle "EXT 2024"]
[Source "ChessBase"]
[SourceDate "2023.10.10"]
[SourceVersion "1"]
[SourceVersionDate "2023.10.10"]
[SourceQuality "1"]

1. c4 e5 2. g3 Nf6 3. Bg2 d5 4. cxd5 Nxd5 5. Nc3 Nb6 6. Nf3 Nc6 7. a3 Be7 8. b4 a6 9. 0-0 Be6 10. Bb2 Nc4 11. Bc1 Qd7 12. d3 Nd6 13. Bb2 h5 14. h4 0-0-0 15. a4 f6 16. b5 Nb8 17. Qc2 g5 18. bxa6 Nxa6 19. Rfb1 gxh4 20. Nxh4 f5 21. Ng6 Rhg8 22. Nxe5 Qe8 23. Ba3 c6 24. Nb5 Nxb5 25. axb5 Nc7 26. bxc6 Bd5 27. cxb7+ Kb8 28. Bxe7 Qxe7 29. Ra8+ Nxa8 30. bxa8Q+ Kxa8 31. Qa2+ Qa7 32. Bxd5+ Rxd5 33. Qxd5+ 1-0

[Event "Titled Tuesday intern op 08th Aug Late"]
[Site "Chess.com INT"]
[Date "2023.08.08"]
[Round "9"]
[White "Stachanczyk, Jacek"]
[Black "Chor, Kevin"]
[Result "1/2-1/2"]
[WhiteElo "2124"]
[BlackElo "1944"]
[PlyCount "111"]
[EventDate "2023.08.08"]
[EventType "swiss (blitz)"]
[EventRounds "11"]
[EventCountry "USA"]
[SourceTitle "EXT 2024"]
[Source "ChessBase"]
[SourceDate "2023.10.10"]
[SourceVersion "1"]
[SourceVersionDate "2023.10.10"]
[SourceQuality "1"]

1. d4 Nf6 2. c4 g6 3. g3 Bg7 4. Bg2 0-0 5. e4 d6 6. Nc3 Nc6 7. Nge2 Bg4 8. f3 Bd7 9. d5 Na5 10. b3 c5 11. dxc6 Nxc6 12. Be3 Rc8 13. 0-0 Re8 14. Rc1 Qa5 15. Qd2 a6 16. Rfd1 b5 17. Nd5 Qxd2 18. Bxd2 bxc4 19. Nxf6+ Bxf6 20. Rxc4 Ne5 21. Rxc8 Rxc8 22. Rc1 Rxc1+ 23. Nxc1 Kf8 24. Kf2 Bb5 25. h3 Nd3+ 26. Nxd3 Bxd3 27. Bf1 Bd4+ 28. Kg2 Bxf1+ 29. Kxf1 Ke8 30. Ke2 Kd7 31. Kd3 Bf2 32. g4 Kc6 33. Kc4 e6 34. a4 h5 35. b4 d5+ 36. exd5+ exd5+ 37. Kd3 Kd6 38. Bc3 Ke6 39. b5 axb5 40. axb5 hxg4 41. hxg4 f5 42. Bd4 Bg3 43. Bc5 fxg4 44. fxg4 Kf6 45. Kd4 Ke6 46. Kd3 Kf6 47. b6 Kg5 48. Be7+ Kxg4 49. Bd8 Bf2 50. b7 Ba7 51. Bc7 Kf5 52. b8Q Bxb8 53. Bxb8 g5 54. Kd4 g4 55. Kxd5 g3 56. Bxg3 1/2-1/2

[Event "Titled Tuesday intern op 08th Aug Early"]
[Site "Chess.com INT"]
[Date "2023.08.08"]
[Round "5"]
[White "Stachanczyk, Jacek"]
[Black "Kiseljova, Marya"]
[Result "1/2-1/2"]
[WhiteElo "2124"]
[BlackElo "2031"]
[PlyCount "120"]
[EventDate "2023.08.08"]
[EventType "swiss (blitz)"]
[EventRounds "11"]
[EventCountry "USA"]
[SourceTitle "EXT 2024"]
[Source "ChessBase"]
[SourceDate "2023.10.10"]
[SourceVersion "1"]
[SourceVersionDate "2023.10.10"]
[SourceQuality "1"]

1. c4 e5 2. g3 Nf6 3. Bg2 Bc5 4. Nc3 0-0 5. e3 c6 6. Nge2 d5 7. cxd5 cxd5 8. d4 exd4 9. exd4 Bb4 10. 0-0 Nc6 11. Bg5 Be6 12. Nf4 Bxc3 13. Nxe6 fxe6 14. bxc3 h6 15. Bf4 Na5 16. Re1 Qd7 17. Bh3 Rfe8 18. Qe2 Kf7 19. Qf3 Nc4 20. Re2 Rac8 21. Rae1 Rc6 22. Be5 Qd8 23. Qf4 Kg8 24. Bxf6 Qxf6 25. Qxf6 gxf6 26. Bxe6+ Kg7 27. Bxd5 Rxe2 28. Rxe2 Rc7 29. Bxc4 Rxc4 30. Re7+ Kg6 31. Rxb7 Rxc3 32. Rxa7 Rd3 33. Rb7 Rxd4 34. Rb1 Ra4 35. Rb2 Ra3 36. f3 Rxf3 37. Kg2 Ra3 38. Kf2 Kf5 39. Kg2 h5 40. h3 Kg5 41. Kf2 f5 42. h4+ Kg4 43. Rb4+ Kh3 44. Rb5 Rxa2+ 45. Kf3 Ra3+ 46. Kf4 Rxg3 47. Rxf5 Rg4+ 48. Kf3 Kxh4 49. Kf2 Rg7 50. Kf1 Kg4 51. Rf8 Kh3 52. Kf2 h4 53. Kf1 Kh2 54. Kf2 h3 55. Kf1 Rg1+ 56. Kf2 Rg2+ 57. Kf1 Kg3 58. Rg8+ Kf3 59. Rxg2 hxg2+ 60. Kg1 Kg3 1/2-1/2

[Event "Titled Tuesday intern op 08th Aug Late"]
[Site "Chess.com INT"]
[Date "2023.08.08"]
[Round "10"]
[White "Tulchynskyi, Feliks"]
[Black "Stachanczyk, Jacek"]
[Result "1-0"]
[WhiteElo "2228"]
[BlackElo "2124"]
[PlyCount "77"]
[EventDate "2023.08.08"]
[EventType "swiss (blitz)"]
[EventRounds "11"]
[EventCountry "USA"]
[SourceTitle "EXT 2024"]
[Source "ChessBase"]
[SourceDate "2023.10.10"]
[SourceVersion "1"]
[SourceVersionDate "2023.10.10"]
[SourceQuality "1"]

1. Nf3 d5 2. d4 c6 3. g3 Nf6 4. Bg2 Bf5 5. 0-0 Nbd7 6. c4 e6 7. Nc3 Be7 8. Qb3 Qb6 9. c5 Qxb3 10. axb3 a6 11. b4 Rc8 12. h3 h6 13. g4 Bh7 14. Bf4 Ne4 15. Rfd1 Nxc3 16. bxc3 Be4 17. Bf1 Bxf3 18. exf3 g5 19. Bg3 f6 20. Re1 Kf7 21. f4 Rce8 22. Ra2 Bd8 23. Rae2 Nf8 24. f5 Re7 25. Bd6 Re8 26. Re3 e5 27. dxe5 fxe5 28. Bxe5 Rg8 29. c4 Nd7 30. Bd6 Rxe3 31. Rxe3 d4 32. Re4 Bf6 33. Bg2 Re8 34. Kf1 Rxe4 35. Bxe4 Ne5 36. b5 Nxc4 37. bxa6 bxa6 38. Bxc6 d3 39. Bd5+ 1-0